Central Library OPAC University of Rajshahi

সংবাদপত্রের স্বাধীনতা বনাম সাংবাদিকতা / (Record no. 40413)

MARC details
000 -LEADER
fixed length control field 00867nam a2200229 a 4500
001 - CONTROL NUMBER
control field 40413
003 - CONTROL NUMBER IDENTIFIER
rucl marc code BD-RjUL
005 - DATE AND TIME OF LATEST TRANSACTION
control field 20211209053216.0
008 - FIXED-LENGTH DATA ELEMENTS--GENERAL INFORMATION
fixed length control field 160430s2000 bg ||||| |||| 00| 0 ben d
020 ## - INTERNATIONAL STANDARD BOOK NUMBER
International Standard Book Number 9848371967
Terms of availability : Tk. 125.00
035 ## - SYSTEM CONTROL NUMBER
System control number (BD-RjUL)40528
040 ## - CATALOGING SOURCE
Original cataloging agency BD-RjUL
Language of cataloging ben
Transcribing agency BD-RjUL
041 ## - LANGUAGE CODE
Language code of text/sound track or separate title ben
082 ## - DEWEY DECIMAL CLASSIFICATION NUMBER
Edition number 23
Classification number 070.4095492
Author mark and year GUS 2000
100 ## - MAIN ENTRY--PERSONAL NAME
Personal name গুপ্ত, সন্তোস
9 (RLIN) 124491
245 10 - TITLE STATEMENT
Title সংবাদপত্রের স্বাধীনতা বনাম সাংবাদিকতা /
Statement of responsibility, etc. সন্তোস গুপ্ত
260 ## - PUBLICATION, DISTRIBUTION, ETC. (IMPRINT)
Place of publication, distribution, etc. ঢাকা :
Name of publisher, distributor, etc. কাকলী প্রকাশনী,
Date of publication, distribution, etc. ২০০০
300 ## - PHYSICAL DESCRIPTION
Pagination ১৭৬ পৃ. ;
Size ২০ সেমি.
650 ## - SUBJECT ADDED ENTRY--TOPICAL TERM
Topical term or geographic name as entry element সাংবাদিকতা
Geographic subdivision বাংলাদেশ
9 (RLIN) 124492
Topical term or geographic name as entry element Journalism
Geographic subdivision Bangladesh
9 (RLIN) 124493
942 ## - ADDED ENTRY ELEMENTS (KOHA)
Source of classification or shelving scheme Dewey Decimal Classification
Koha item type Books
Holdings
Lost status Source of classification or shelving scheme Damaged status Not for loan Collection code Permanent Location Current Location Shelving location Date acquired Source of acquisition Cost, normal purchase price Total Checkouts Full call number Date last seen Copy number Koha item type Date checked out
  Dewey Decimal Classification   Not For Loan Non-fiction Central Library, University of Rajshahi Central Library, University of Rajshahi Reading Room 10/12/2012 Santash Gupta Smriti Porishad, Dhaka 100.00   B 070.4095492 GUS 2000 30/04/2016 C-1 Books  
  Dewey Decimal Classification     Non-fiction Central Library, University of Rajshahi Central Library, University of Rajshahi   10/12/2012 Santash Gupta Smriti Porishad, Dhaka 100.00   B 070.4095492 GUS 2000 30/04/2016 C-2 Books  
  Dewey Decimal Classification     Non-fiction Central Library, University of Rajshahi Central Library, University of Rajshahi   10/12/2012 Sontos gupta smrriti porishad, Dhaka. 100.00 1 B 070.4095492 GUS 2000 09/02/2023 C-3 Books 24/01/2023